000 00227as aa2200097a 44500
090 _aSERIADAS
_b00803
245 1 0 _aCosmos
260 _bCorporación Autónoma Regional de Chivor
_aColombia
041 0 _aEspañol
942 _cREVISTA
999 _c16831
_d16831